000 01478nam0a2200349 4500
001 RU\NLR\bibl\870131
005 20260406122951.0
010 _a5-17-030676-8
_98000
021 _aRU
_b2005-42824
_92114
035 _a(NLR Aleph) 000858757
035 _a(nilc)RSL-KNO-002685744
090 _a1526439
_c1526439
100 _a20050630d2005 |||y0rusy50 ca
101 1 _arus
_ceng
102 _aRU
105 _ay |||||||||
106 _ar
200 1 _aФилиппа
_eроман
_fБертрис Смолл
_g[пер. с англ. Т.А. Перцевой]
210 _aМ.
_cАСТ
_d2005
_eЭлектросталь
_gКниж. ф-ка j 1
215 _a349, [1] с.
_d21
225 1 _aСерия "Шарм"
610 0 _aФилологические науки -- Художественная литература. Литературоведение -- США -- Американская литература -- с 1945 г. -- Произведения художественной литературы -- Художественная проза -- Романы. Повести. Рассказы
686 _aШ5(7США)62-644
_2rubbk
686 _aШ6(7США)67-440.4{Лх1979-50}
700 1 _4070
_7ca
_8rus
_aСмолл
_bБ.
_f1937-2015
_gБертрис
_3RU\NLR\AUTH\77816
_9110856
801 0 _aRU
_bRuMoRKP
_c20050630
_grcr
801 1 _aRU
_bRuMoRGB
_c20050630
801 2 _aRU
_bNLR
_c20051110
_grcr
942 _cBOOK
980 _aNB